Mathematics of classical and quantum physics (Record no. 3548)

MARC details
000 -LEADER
fixed length control field 00706nam a2200205Ia 4500
003 - CONTROL NUMBER IDENTIFIER
control field IN-BaIIA
008 - FIXED-LENGTH DATA ELEMENTS--GENERAL INFORMATION
fixed length control field 211028s9999 xx 000 0 eng d
040 ## - CATALOGING SOURCE
Transcribing agency IIA Library
080 ## - UNIVERSAL DECIMAL CLASSIFICATION NUMBER
Universal Decimal Classification number 530.145
Item number BYR-II
100 ## - MAIN ENTRY--PERSONAL NAME
Personal name Byron, Frederick W.
9 (RLIN) 6277
245 #0 - TITLE STATEMENT
Title Mathematics of classical and quantum physics
Remainder of title vol. II
Statement of responsibility, etc. Frederick W. Byron and Robert W. Fuller
260 ## - PUBLICATION, DISTRIBUTION, ETC.
Place of publication, distribution, etc. Reading
Name of publisher, distributor, etc. Addison-Wesley
Date of publication, distribution, etc. 1970
300 ## - PHYSICAL DESCRIPTION
Extent xi, 659p.
490 ## - SERIES STATEMENT
Series statement Addison-Wesley series in advanced physics
650 ## - SUBJECT ADDED ENTRY--TOPICAL TERM
Topical term or geographic name entry element Astronomy and astrophysics thesaurus
650 ## - SUBJECT ADDED ENTRY--TOPICAL TERM
Topical term or geographic name entry element Mathematical physics
9 (RLIN) 1525
650 ## - SUBJECT ADDED ENTRY--TOPICAL TERM
Topical term or geographic name entry element Quantum physics
9 (RLIN) 2816
700 ## - ADDED ENTRY--PERSONAL NAME
Personal name Fuller, Robert W.
9 (RLIN) 6278
942 ## - ADDED ENTRY ELEMENTS (KOHA)
Koha item type Books
Holdings
Withdrawn status Lost status Damaged status Not for loan Home library Current library Shelving location Date acquired Cost, normal purchase price Total Checkouts Full call number Barcode Date last seen Cost, replacement price Price effective from Koha item type Purchase Price
        IIA Library-Bangalore IIA Library-Bangalore General Stacks 27/07/1970 93.24   530.145/ BYR-II 3963 05/11/2021 93.24 27/07/1970 Books Rs. 93.24

Powered by Koha